00665cam a22002177a 4500001001000000003000500010005001700015008004100032010001000073011001000083020001500093035001000108040000900118082002100127100002000148245007000168260006200238300003000300500008700330650003000417000084414CHAP20220329142254.0000425d1997 mx a r 00010 spa d a80890 a81862 a970625062X a92344 cCHAP04a517.38bZ5Y 199300aZill, Dennis G.10aEcuaciones diferenciales con aplicaciones /c/por Dennis G. Zill. aMéxico, D. F. :bGrupo Editorial Iberoamérica,c1997. a624.p :bilus. ; gráfs. aTrad. de la 5 ed. en inglés de A first course in differential equations de 1993.14aEcuaciones diferenciales.